[Event "Lugano op"]
[Site "Lugano"]
[Date "2021.08.01"]
[Round "4"]
[White "Christen, Michael"]
[Black "Artan, Tamir"]
[Result "0-1"]
[WhiteElo "1389"]
[BlackElo "1473"]
[PlyCount "58"]
[EventDate "2021.07.30"]
[EventType "swiss"]
[EventRounds "5"]
[EventCountry "SUI"]
[SourceTitle "EXT 2022"]
[Source "ChessBase"]
[SourceDate "2021.10.06"]
[SourceVersion "1"]
[SourceVersionDate "2021.10.06"]
[SourceQuality "1"]

1. c4 b6 2. Nf3 Nf6 3. g3 Bb7 4. Bg2 e6 5. Nc3 Bb4 6. e3 0-0 7. d4 Bxc3+ 8. bxc3 d6 9. 0-0 Nbd7 10. Ba3 Re8 11. Nd2 Bxg2 12. Kxg2 e5 13. Qc2 Nf8 14. e4 Qd7 15. d5 Ng6 16. h3 Nh5 17. Nf3 Nhf4+ 18. gxf4 Nxf4+ 19. Kg1 Qxh3 20. Ne1 Qg4+ 21. Kh1 Ne2 22. Kh2 Qh4+ 23. Kg2 Nf4+ 24. Kg1 Nh3+ 25. Kg2 Nf4+ 26. Kg1 Qg4+ 27. Kh1 Ne2 28. Kh2 f5 29. f3 Qg3+ 0-1